Ensiklopedia Para Wali : Siri 5

Bibliographic Details
Corporate Authors: Ahmad Muhammad Abdul Ghaffar, Series
Format: Book
Published: Kuala Lumpur : Darul Nu'man , 2001
Series:Himpunan Kisah Kekasih Allah
Subjects:

MARC

LEADER 00000cam a2200000 7i4500
001 0000014300
005 20080226.0
008 080226
020 |a 9830461971 
090 0 0 |a 297.0922   |b ENS 
245 1 0 |a Ensiklopedia Para Wali :   |b Siri 5   |c penyusun Ahmad Muhammad Abdul Ghaffar 
260 |a Kuala Lumpur :   |b Darul Nu'man ,   |c 2001 
440 |a Himpunan Kisah Kekasih Allah 
650 0 |a Miracles ( Islam ) 
650 0 |a Muslim saints   |x History 
650 0 |a Spiritual life 
710 0 |a Ahmad Muhammad Abdul Ghaffar 
710 0 |a Series 
999 |a 0000924049   |b Book   |c Adult Collection   |e Cawangan Bukit Gambir 
999 |a 0000933455   |b Book   |c REFERENCE   |e Cawangan Tangkak 
999 |a 0001009850   |b Book   |c Adult Collection   |e Perbadanan Perpustakaan Awam Johor 
999 |a 0001009852   |b Book   |c Adult Collection   |e Perbadanan Perpustakaan Awam Johor